История черкесских мамлюков. Султанат Малика Ашрафа Абуль-Нафа Саифа аль-Дина Каитбая Махмуда Захири (Запись № 12643221)

Подробности
000 -МАРКЕР
контрольное поле 02774nam0a2200397 4500
001 - ИДЕНТИФИКАТОР ЗАПИСИ
контрольное поле RU\NLR\BIBL_A\012920592
005 - ИДЕНТИФИКАТОР ВЕРСИИ
контрольное поле 20221228112144.0
010 ## - МЕЖДУНАРОДНЫЙ СТАНДАРТНЫЙ НОМЕР КНИГИ (ISBN)
Номер (ISBN) 978-5-00125-663-2
Тираж 500
021 ## - НОМЕР ГОСУДАРСТВЕННОЙ РЕГИСТРАЦИИ
Код страны Российская Федерация
Номер КН-П-22-062653
Номер Листа государственной регистраци КН-П-22-5426
035 ## - ДРУГИЕ СИСТЕМНЫЕ НОМЕРА
Идентификатор записи (NLR Aleph) 012920592
035 ## - ДРУГИЕ СИСТЕМНЫЕ НОМЕРА
Идентификатор записи (RuMoRGB)011207860
100 ## - ДАННЫЕ ОБЩЕЙ ОБРАБОТКИ
Данные общей обработки 20221025d2022 u y0rusy50 ca
101 1# - ЯЗЫК РЕСУРСА
Язык текста, звукозаписи и т.д. русский
Язык оригинала французский
102 ## - СТРАНА ПУБЛИКАЦИИ ИЛИ ПРОИЗВОДСТВА
Страна публикации Российская Федерация
105 ## - ПОЛЕ КОДИРОВАННЫХ ДАННЫХ: ТЕКСТОВЫЕ МАТЕРИАЛЫ, МОНОГРАФИЧЕСКИЕ
Кодированные данные о монографическом текстовом документе ac z 010zy
181 #0 - ПОЛЕ КОДИРОВАННЫХ ДАННЫХ: ВИД СОДЕРЖАНИЯ
Код вида содержания (ISBD) i3
Код характеристики содержания (ISBD) axxe
182 #0 - ПОЛЕ КОДИРОВАННЫХ ДАННЫХ: ТИП СРЕДСТВА
Код типа средства (ISBD) n - непосредственное
200 1# - ЗАГЛАВИЕ И СВЕДЕНИЯ ОБ ОТВЕТСТВЕННОСТИ
Основное заглавие История черкесских мамлюков. Султанат Малика Ашрафа Абуль-Нафа Саифа аль-Дина Каитбая Махмуда Захири
Первые сведения об ответственности Ибн Ияс
Последующие сведения об ответственности перевод с французского К. А. Мальбахова
-- Министерство науки и высшего образования Российской Федерации, Кабардино-Балкарский государственный университет имени Х. М. Бербекова
203 ## - ВИД СОДЕРЖАНИЯ И ТИП СРЕДСТВА
Вид содержания Текст
Дополнительные сведения об издании визуальный
Тип средства непосредственный
210 ## - ПУБЛИКАЦИЯ, РАСПРОСТРАНЕНИЕ И ДР.
Место издания, распространения и т.д. Нальчик
Имя издателя, распространителя и т. д. [б. и. ]
Место издания, распространения и т.д. Санкт-Петербург
Имя издателя, распространителя и т. д. Реноме
Дата издания, распространения и т.д. 2022
215 ## - ФИЗИЧЕСКАЯ ХАРАКТЕРИСТИКА
Специфическое обозначение материала и объем 408 с., [4] л. ил.
Другие сведения о физической характеристике портр.
Размеры 21
300 ## - ОБЩИЕ ПРИМЕЧАНИЯ
Текст примечания Загл. обл.: История черкесских мамлюков
300 ## - ОБЩИЕ ПРИМЕЧАНИЯ
Текст примечания Посвящается 90-летию Кабардино-Балкарского государственного университета имени Х. М. Бербекова
330 ## - РЕЗЮМЕ ИЛИ РЕФЕРАТ
Текст примечания Данное издание "Истории черкесских мамлюков", автором которой является Ибн Ияс (1448-1524), стало первым переводом на русский язык, позволяющим прикоснуться к этому ценному литературному источнику не только специалистам, но и широкому кругу ценителей исторических повествований
512 1# - ЗАГЛАВИЕ ОБЛОЖКИ
Заглавие обложки История черкесских мамлюков
606 1# - НАИМЕНОВАНИЕ ТЕМЫ КАК ПРЕДМЕТ
Наименование темы Мамлюки черкесские
Формальный подзаголовок Источники и источниковедение
Тематический подзаголовок История
Системный номер авторитетной/нормативной записи 2551881
Идентификатор авторитетной/нормативной записи RU\NLR\AUTH\661509971
675 ## - УНИВЕРСАЛЬНАЯ ДЕСЯТИЧНАЯ КЛАССИФИКАЦИЯ (UDC/УДК)
Индекс 94(620)(=352.3)
Издание 4
686 1# - ИНДЕКСЫ ДРУГИХ КЛАССИФИКАЦИЙ
Индекс Т3(6Ег)4,022
686 1# - ИНДЕКСЫ ДРУГИХ КЛАССИФИКАЦИЙ
Индекс Т3(5Ср)4,01
700 #1 - ИМЯ ЛИЦА - ПЕРВИЧНАЯ ОТВЕТСТВЕННОСТЬ
Графика поля Кириллица
Материалы, к которым относится поле rus
Начальный элемент ввода Ибн Ияс
Часть имени, кроме начального элемента ввода М. И. А.
Даты 1448-1524
Расширение инициалов личного имени Мухаммад Ибн Ахмат
Системный номер авторитетной/нормативной записи 250563
Идентификатор авторитетной/нормативной записи RU\NLR\AUTH\770250619
702 #0 - ИМЯ ЛИЦА - ВТОРИЧНАЯ ОТВЕТСТВЕННОСТЬ
Код отношения Прочие
Графика поля Кириллица
Материалы, к которым относится поле rus
Начальный элемент ввода Каитбай
Дополнения к именам, кроме дат султан египетский и сирийский
Даты ок.1416-1496
Системный номер авторитетной/нормативной записи 250573
Идентификатор авторитетной/нормативной записи RU\NLR\AUTH\770250629
942 ## - ДОПОЛНИТЕЛЬНЫЕ ЭЛЕМЕНТЫ ЗАПИСИ (АБИС)
Тип экземпляра АБИС Книга
980 ## - КОЛЛЕКЦИЯ
Название коллекции Национальная библиография
Экземпляры
Тип экземпляра Дата поступления Источник поступления Библиотека постоянного хранения Библиотека текущего хранения Место хранения Шифр хранения Штрих-код Статус экземпляра
Книга 25.10.2022 Обязательный экземпляр РНБ (Московский) РНБ (Московский) Русский книжный фонд: издания с 1957 года 2022-3/29520 1-4021034  
Книга 25.10.2022 Обязательный экземпляр РНБ (Московский) РНБ (Московский) Русский книжный фонд: издания с 1957 года 2022-3/29520 1-4021099